| 000 | 01005cam a22002531 4500 | ||
|---|---|---|---|
| 001 | sa 66007805 | ||
| 003 | DLC | ||
| 005 | 20260227112307.0 | ||
| 008 | 881107s1965 ii d 000 0 san | ||
| 010 | _asa 66007805 | ||
| 035 | _a(OCoLC)18720447 | ||
| 040 |
_aDLC _cNRU _dDLC |
||
| 042 | _apremarc | ||
| 050 | 0 | 0 |
_aPK933 _b.V33 |
| 100 | 0 |
_aVāmana Bhaṭṭa Bāṇa, _dactive 15th century. |
|
| 245 | 1 | 0 |
_aŚabdaratnākaraḥ. _cBāṇabhaṭṭa praṇịtaḥ. Tippaṇapariśiṣṭa-śabdānukramaṇikāsamlankr̥ataḥ. Bellikoṭha Rāmacandraśarmaṇā sampāditaḥ. |
| 260 |
_a[Darbhanga] _bMithilā Vidyāpīṭhapradhānena, _c1965. |
||
| 300 |
_a11, 813 p. _c25 cm. |
||
| 490 | 0 |
_aMithilā Vidyāpiṭha-granthamālā. Prāncīnācārya granthāvalī, _vpuṣpam 16 |
|
| 500 | _aAdded t.p. in English. | ||
| 500 | _aIn Sanskrit; foreword and critical notes in English. | ||
| 650 | 0 |
_aSanskrit language _xDictionaries _xEnglish. |
|
| 700 | 1 |
_aSharma, Bellikoth Ramachandra, _d1912- _eed. |
|
| 999 |
_c71409 _d71409 |
||